000 01179nam a22002057a 4500
003 JO-AjAnu
005 20240605122318.0
008 240403b jo ||||| |||| 00| 0 ara d
040 _aJO-AjAnu
_cJO-AjAnu
041 0 _aara
050 _aLC4704.2023
100 1 _aالعواملة، ميسون مفضي عبد الرحمن
_965273
_eمعد
245 0 _aفعالية برنامج قائم على الوعي الفونولوجي في تحسين اللغة التعبيرية لدى صلبة ذوي صعوبات التعلم = The Effectiveness of a Program Based on Phonological Awareness in Improving the Expressive Language of Students with Learninig Disabilities /
_cاعداد ميسون مفضي عبد الرحمن العواملة ؛ إشراف محمد عمر أبو الرب
260 _c2023
300 _a103ورقة
500 _aرسالة جامعية(ماجستير).- جامعةعجلون الوطنية (عجلون، الأردن) ، كليةالعلوم التربوية ، تخصص صعوبات التعلم ، 2023.
650 7 0 _aصعوبات التعلم
_965274
700 1 _aابو الرب، محمد عمر
_965275
_eمشرف
942 _2lcc
_cTHS
_n0
999 _c33413
_d33413